| 000 | 00781nam a2200205 a 4500 | ||
|---|---|---|---|
| 001 | 000006478 | ||
| 005 | 20200929153932.0 | ||
| 008 | 090831s1947 dr 000 0 spa d | ||
| 040 |
_aDO-SdBNP _bspa _cBNPHU |
||
| 082 |
_a361.3 _bH519a |
||
| 100 | 1 |
_aHenríquez A. , Carmen Adolfina _917945 |
|
| 245 | 1 | 0 |
_aAsistencia social : _bdoce lecciones para un cursillo de capacitación de auxiliares del servicio social / _cCarmen Adolfina Henríquez A. |
| 260 |
_aCuidad Trujillo, República Dominicana : _b[s.n.], _c1947. |
||
| 300 |
_a110 p. ; _c23 cm. |
||
| 504 | _aBibliografía: p. 107 | ||
| 590 | _aInventariado, 2019 / DG | ||
| 650 | 4 |
_aAsistencia social _xEnseñanza _917946 |
|
| 650 | 4 |
_aAsistencia social _zRepública Dominicana _917947 |
|
| 910 | _aValidado. Control de calidad MFF | ||
| 999 |
_c6269 _d6269 |
||